1301 1010 1862 1304 1795 1081 1241 1384 1700 1995 1935 1621 1592 1599 1567 1088 1383 1203 1251 1973 1562 1742 1111 1122 1056 1705 1920 1314 1172 1110 1966 1607 1298 1594 1318 1594 1622 1684 1462 1544 1923 1510 1576 1353 1737 1488 1663 1052 1906 1510 1213 1103 1440 1568 1593 1421 1362 1357 1755 1687 1175 1194 1269 1800 1893 1398 1414 1941 1288 1756 1622 1397 1107 1923 1466 1353 1784 1479 1794 1228 1589 1793 1127 1857 1242 1297 1789 1849 1450 1757 1380 1557 1658 1217 1315 1138 1071 1906 1664 BCNSPRNW ULIB Ver.6.0+V

เปลี่ยนเป็นภาษาไทย

Change to English
 แสดงรายละเอียดบรรณานุกรม
  กลับหน้าหลัก

Brief Record : Get Marc (ISO 2709) : E-mail record : QR code < ปิดหน้าต่าง
LEADER : 00000nam 2200000uu 4500
001    13399120263
003     ULIB
008    120917s2549||||th 000 0 tha d
020    ^a9746444867
060 04 ^aWY205^bพ874ห 2549
100 0  ^aเพชรน้อย สิงห์ช่างชัย
245 10 ^aหลักการและการใช้สถิติการวิเคราะห์ตัวแปรหลายตัวสำหรับการวิจัยทางการพยาบาล =^bPrinciples and using multivariate statistics analysis for nursing research /^cเพชรน้อย สิงห์ช่างชัย
246 31 ^aPrinciples and using multivariate statistics analysis fornursing research
250    ^aพิมพ์ครั้งที่ 3
260    ^aสงขลา :^bชานเมืองการพิมพ์,^c2549
300    ^aก-ณ, 301 หน้า :^bภาพประกอบ ;^c26 ซม.
650  7 ^aการพยาบาล^xวิจัย
650  7 ^aการวิเคราะห์ตัวแปรพหุ
650  7 ^aสถิติ
945    ^p350^l0^i18004
945    ^p350^l0^i18005
945    ^p350^l0^i18006
945    ^p350^l0^i18007
945    ^p350^l0^i18008
995    ^aวิภา
999 ^a ใช้งานได้ทุกระบบ
รายการนี้ยังไม่มีแท็ก
คุณยังไม่ได้ล็อกอิน คุณสามารถมีกิจกรรมร่วมกับเว็บไซต์ได้ แต่ต้องล็อกอินก่อน ::
  ล็อกอิน

รายการสื่อสารสนเทศ

ลำดับที่ ประเภท เลขเรียก/บาร์โค้ด สถานที่ สถานะ
1. วิทยาศาสตร์การแพทย์ และสุขภาพ
วิทยาศาสตร์การแพทย์ และสุขภาพ
WY205 พ874ห 2549  
  Barcode: 18004
ห้องสมุดวิทยาเขตสวรรค์ประชารักษ์
►ส่วนจัดเก็บหนังสือเก่า สปร
บนชั้น
  ขอยืม
2. วิทยาศาสตร์การแพทย์ และสุขภาพ
วิทยาศาสตร์การแพทย์ และสุขภาพ
WY205 พ874ห 2549 ฉ.2 
  Barcode: 18005
ห้องสมุดวิทยาเขตสวรรค์ประชารักษ์
►ส่วนจัดเก็บหนังสือเก่า สปร
บนชั้น
  ขอยืม
3. วิทยาศาสตร์การแพทย์ และสุขภาพ
วิทยาศาสตร์การแพทย์ และสุขภาพ
WY205 พ874ห 2549 ฉ.3 
  Barcode: 18006
ห้องสมุดวิทยาเขตสวรรค์ประชารักษ์
►ส่วนจัดเก็บหนังสือเก่า สปร
บนชั้น
  ขอยืม
4. วิทยาศาสตร์การแพทย์ และสุขภาพ
วิทยาศาสตร์การแพทย์ และสุขภาพ
WY205 พ874ห 2549 ฉ.4 
  Barcode: 18007
ห้องสมุดวิทยาเขตสวรรค์ประชารักษ์
►ส่วนจัดเก็บหนังสือเก่า สปร
บนชั้น
  ขอยืม
5. วิทยาศาสตร์การแพทย์ และสุขภาพ
วิทยาศาสตร์การแพทย์ และสุขภาพ
WY205 พ874ห 2549 ฉ.5 
  Barcode: 18008
ห้องสมุดวิทยาเขตสวรรค์ประชารักษ์
►ส่วนจัดเก็บหนังสือเก่า สปร
บนชั้น
  ขอยืม

รายการใกล้เคียง
    ผู้แต่ง [เพชรน้อย สิงห์ช่างชัย]

    หัวเรื่อง [การวิเคราะห์ตัวแปรพหุ]
    หัวเรื่อง [สถิติ]

BibComment


ยังไม่เคยถูกคอมเมนท์

คอมเมนท์ทรัพยากรรายการนี้
  คอมเมนท์: หลักการและการใช้..


 Copyright 2026. Bcnsprnw @Library